Detalles MARC
| 000 -LIDER |
| fixed length control field |
01381nam a2200361 a 4500 |
| 001 - NÚMERO DE CONTROL |
| Identificador de número de control |
000007386 |
| 003 - IDENTIFICACDOR DE NÚMERO DE CONTROL |
| control field |
DO-SdBNP |
| 005 - DATE AND TIME OF LATEST TRANSACTION |
| control field |
20180316145757.0 |
| 007 - CAMPOS FIJOS DE DESCRIPCIÓN FÍSICA |
| fixed length control field |
000007386 |
| 008 - ELEMENTOS DE LONGITUD FIJA |
| fixed length control field |
090908s1997 dr 001 0 spa d |
| 020 ## - ISBN |
| International Standard Book Number |
9768156481 |
| 040 ## - FUENTE DE CATALOGACIÓN |
| Agencia que crea de manera original el registro |
BPMSU |
| Idioma de catalogación |
spa |
| Agencia que realiza la transcripción |
BPMSU |
| 041 17 - CÓDIGOS DE OBRAS TRADUCIDAS O EN VARIOS IDIOMAS |
| Código del idioma del texto/archivo de sonido o separata |
spa |
| Código del idioma del resumen, abstract o subtítulo |
eng |
| 092 ## - LOCALLY ASSIGNED DEWEY DECIMAL CALL NUMBER |
| Número de clasificación |
RD860.9 |
| Número de ítem (Cutter) |
T332d |
| 245 00 - MENCIÓN DE TITULO |
| Título |
Tertuliando : |
| Subtítulo |
dominicanas y amiga [o]s = Hanging out : dominican women and friends ; bilingual text [o]s bilingues 1994-1996 / |
| Mención de responsabilidad |
compilación y prólogo de Daisy Cocco De Filippis. |
| 246 13 - VARIACION DEL TÍTULO |
| Título propiamente dicho o título corto |
Hanging out : |
| Subtítulo |
dominican women and friends ; bilingual text [o]s bilingues 1994-1996 |
| 260 ## - PUBLICACIÓN, DISTRIBUCIÓN, ETC. (PIE DE IMPRENTA) |
| Lugar de publicación, distribución, etc |
Santo Domingo : |
| Nombre del editor, distribuidor, etc. |
Comisión Permanente de la Feria Nacional del Libro, |
| Fecha de publicación, distribución, etc |
1997. |
| 300 ## - DESCRIPCIÓN FÍSICA |
| Extensión |
v. ; |
| Dimensiones |
21 cm. |
| 500 ## - NOTA GENERAL |
| Nota general |
La biblioteca posee el v.1 |
| 504 ## - NOTA DE BIBLIOGRAFÍA, ETC. |
| Bibliography, etc |
Bibliografía : p. 61-63 |
| 546 ## - NOTA DE IDIOMA |
| Nota de idioma |
Texto en ingles y español |
| 650 #4 - ENCABEZAMIENTO DE MATERIA--TEMÁTICO |
| Término temático o nombre geográfico como elemento de entrada |
LITERATURA DOMINICANA |
| Subdivisión cronológica |
SIGLO XX |
| 650 #4 - ENCABEZAMIENTO DE MATERIA--TEMÁTICO |
| Término temático o nombre geográfico como elemento de entrada |
MUJERES COMO AUTORAS |
| 700 12 - ASIENTO SECUNDARIO -- NOMBRE PERSONAL |
| Nombre personal |
Cocco de Filippis, Daysi |
| Mención de responsabilidad |
pról. |
| 910 ## - VALIDACIÓN |
| Validación |
Validado. Control de calidad MFF |
| 942 ## - ADDED ENTRY ELEMENTS (KOHA) |
| Source of classification or shelving scheme |
Dewey Decimal Classification |
| Koha item type |
Libros |
| 945 ## - INFORMACIÓN DE PROCESAMIENTO LOCAL |
| Información de procesamiento local |
Remanejado para la BNPHU, 2018 / BT |
| 956 ## - LOCAL ELECTRONIC LOCATION AND ACCESS (OCLC) |
| Nombre de host |
IGARCIA |
| Número de acceso |
10 |
| Información de compresión |
20090908 |
| Inicio de sesión |
BND01 |
| Procesador de solicitud |
1335 |
| 956 ## - LOCAL ELECTRONIC LOCATION AND ACCESS (OCLC) |
| Nombre de host |
DGARCIA |
| Número de acceso |
10 |
| Información de compresión |
20091125 |
| Inicio de sesión |
BND01 |
| Procesador de solicitud |
0810 |
| 956 ## - LOCAL ELECTRONIC LOCATION AND ACCESS (OCLC) |
| Nombre de host |
YPOLANCO |
| Número de acceso |
04 |
| Información de compresión |
20110504 |
| Inicio de sesión |
BND01 |
| Procesador de solicitud |
0933 |
| 956 ## - LOCAL ELECTRONIC LOCATION AND ACCESS (OCLC) |
| Nombre de host |
MMOLINA |
| Número de acceso |
10 |
| Información de compresión |
20131125 |
| Inicio de sesión |
BND01 |
| Procesador de solicitud |
0846 |
| 956 ## - LOCAL ELECTRONIC LOCATION AND ACCESS (OCLC) |
| Nombre de host |
VMATEO |
| Número de acceso |
10 |
| Información de compresión |
20150428 |
| Inicio de sesión |
BMET02 |
| Procesador de solicitud |
00151 |